Occupancy costs of community centres (Record no. 104124)

MARC details
000 -LEADER
fixed length control field 01155cam a2200253 4500
008 - FIXED-LENGTH DATA ELEMENTS--GENERAL INFORMATION
fixed length control field 050401n2005 000 0 eng u
020 ## - INTERNATIONAL STANDARD BOOK NUMBER
International Standard Book Number 1904829139
035 ## - SYSTEM CONTROL NUMBER
System control number (Sirsi) u129206
041 ## - LANGUAGE CODE
Language code of text/sound track or separate title eng
050 ## - LIBRARY OF CONGRESS CALL NUMBER
Classification number 690.24
-- 18
110 ## - MAIN ENTRY--CORPORATE NAME
Corporate name or jurisdiction name as entry element Building Maintenance Information
9 (RLIN) 3229
245 ## - TITLE STATEMENT
Title Occupancy costs of community centres
260 ## - PUBLICATION, DISTRIBUTION, ETC.
Place of publication, distribution, etc. London
Name of publisher, distributor, etc. BCIS
Date of publication, distribution, etc. 2005
300 ## - PHYSICAL DESCRIPTION
Extent 77p.
Dimensions 30cm.
490 ## - SERIES STATEMENT
Series statement BMI Special Report
Volume/sequential designation 337
520 ## - SUMMARY, ETC.
Summary, etc. Provides current occupancy benchmarks for two community centres. Shows the projected annual occupancy costs for two schemes which will provide a strategic benchmark for similar buildings. Includes projected annual expenditure charts and detailed estimates for individual elements and components.
520 ## - SUMMARY, ETC.
Summary, etc. This item is part of a subscription service and cannot be photocopied. Neither can any part of it be read over the phone. Please contact BMI direct on +44 (0)20 7695 1500 for details.
650 ## - SUBJECT ADDED ENTRY--TOPICAL TERM
Topical term or geographic name entry element OCCUPANCY COSTS
650 ## - SUBJECT ADDED ENTRY--TOPICAL TERM
Topical term or geographic name entry element COMMUNITY CENTRES
650 ## - SUBJECT ADDED ENTRY--TOPICAL TERM
Topical term or geographic name entry element OCCUPANCY COST PLANS
650 ## - SUBJECT ADDED ENTRY--TOPICAL TERM
Topical term or geographic name entry element BENCHMARKING
690 ## - LOCAL SUBJECT ADDED ENTRY--TOPICAL TERM (OCLC, RLIN)
Topical term or geographic name as entry element BUILDING AND CONSTRUCTION-REPAIRS AND MAINTENANCE
942 ## - ADDED ENTRY ELEMENTS (KOHA)
Suppress in OPAC 0
Holdings
Withdrawn status Lost status Source of classification or shelving scheme Damaged status Not for loan Home library Current library Shelving location Date acquired Total Checkouts Full call number Barcode Date last seen Copy number Price effective from Koha item type
    Dewey Decimal Classification     London London BCIS/BMI publications 01/04/2005   ENQUIRY DESK 30070131 06/08/2019 1 06/08/2019 Reference material